[Event "Excelsior Cup"]
[Site "Gothenburg"]
[Date "2002.01.12"]
[Round "5"]
[White "Ernst, Thomas"]
[Black "Marin, Mihail"]
[Result "1/2-1/2"]
[WhiteElo "2436"]
[BlackElo "2551"]
[Annotator "Marin,M"]
[PlyCount "70"]
[EventDate "2002.01.08"]
[EventType "tourn"]
[EventRounds "9"]
[EventCountry "SWE"]
[EventCategory "9"]
[SourceTitle "EXT 2003"]
[Source "ChessBase"]
[SourceDate "2002.11.25"]
[SourceVersion "1"]
[SourceVersionDate "2002.11.25"]
[SourceQuality "1"]

1. e4 d6 2. d4 Nf6 3. Nc3 g6 4. Nf3 Bg7 5. Be3 c6 6. Qd2 b5 7. Bd3 Nbd7 8. Bh6
O-O 9. Bxg7 Kxg7 10. e5 $5 dxe5 11. dxe5 Ng4 12. Qf4 (12. Qg5 Ndxe5 (12... Nc5)
13. Nxe5 f6) 12... Ndxe5 $1 (12... Nc5 13. h3 Nxd3+ 14. cxd3 Nh6 $13) 13. Nxe5
Qd6 14. Nxg6 fxg6 $2 (14... hxg6 $1 15. Qxd6 exd6 16. O-O (16. Be2) 16... Be6
$15) 15. Qxd6 exd6 16. O-O Be6 $146 (16... Ne5 $5 17. Rad1 (17. Rfe1) (17. Ne4)
(17. Be2) 17... Nxd3 18. Rxd3 b4 19. Ne4 Ba6 20. Rxd6 Bxf1 21. Kxf1 Rae8 22.
Nc5 Rf6 23. Rd7+ Rf7 24. Rd6 Rf6 (24... Rfe7 25. Nd3 c5 26. Rc6 $1) 25. Rd7+
$11) 17. Rae1 $11 Bg8 18. Be2 Nf6 19. Bf3 d5 20. Ne2 c5 21. Nc3 Rab8 22. Re7+
Rf7 23. Re5 Rd7 24. Rfe1 Bf7 25. h3 a6 26. Ne2 Re8 27. Nf4 Rxe5 28. Rxe5 Rd6
29. Re7 d4 30. Nd3 Rd7 31. Re5 c4 32. Nc5 Rd6 33. Nb7 Rd7 34. Nc5 Rd6 35. Nb7
Rd7 1/2-1/2

[Event "Olympiad-34"]
[Site "Istanbul"]
[Date "2000.11.02"]
[Round "6.1"]
[White "Campora, Daniel Hugo"]
[Black "Marin, Mihail"]
[Result "0-1"]
[WhiteElo "2521"]
[BlackElo "2557"]
[Annotator "Marin,M"]
[PlyCount "124"]
[EventDate "2000.10.28"]
[EventType "team-swiss"]
[EventRounds "14"]
[EventCountry "TUR"]
[SourceTitle "EXT 2001"]
[Source "ChessBase"]
[SourceDate "2000.11.22"]
[SourceVersion "1"]
[SourceVersionDate "2000.11.22"]
[SourceQuality "1"]
[WhiteTeam "Argentina"]
[BlackTeam "Romania"]
[WhiteTeamCountry "ARG"]
[BlackTeamCountry "ROU"]

1. e4 d6 2. d4 Nf6 3. Nc3 g6 4. Nf3 Bg7 5. Be2 O-O 6. O-O c6 7. h3 Nbd7 8. e5
Ne8 9. Re1 dxe5 10. dxe5 Nc7 11. Bf4 Ne6 12. Bg3 Qc7 $146 (12... b5 13. Ne4 $14
{Morovic-Marin, Spanish team-ch, Barcelona 2000.}) 13. Bc4 Nb6 14. Bf1 $1 Rd8 (
14... Bh6 15. Re4 $1 {Rogozenko}) 15. Qc1 $1 (15. Qe2 Nd5 {><f4}) 15... c5 $5 (
15... Nd5 16. Ne4) 16. a4 {><b4, a4} Nd5 17. Nxd5 (17. Ne4 $14) 17... Rxd5 18.
Bc4 Rd8 19. h4 (19. Ng5 Qc6) 19... h6 20. Ra3 $40 Bd7 21. h5 g5 22. Nh2 Qc6 23.
f4 gxf4 24. Bxf4 Nxf4 25. Qxf4 Be6 26. Rg3 Kh8 (26... Bxc4 $2 27. Qg4 $18) 27.
Nf3 (27. Bxe6 Qxe6 $13) 27... Qxa4 28. Rxg7 (28. Re4 Qc6) 28... Kxg7 29. Qg3+
Kh8 30. Bxe6 Rg8 31. Qf2 $6 (31. Bb3 $142 Rxg3 32. Bxa4 Rag8 33. Kf1 Rxg2 34.
e6 R2g3 35. Kf2 Rg2+ 36. Kf1 R2g3 $11) 31... fxe6 32. Qe3 Rg7 33. Qxh6+ Rh7 34.
Qxe6 Rg8 35. b3 $6 (35. c4 $142 Qc2 $140 36. Nh4) 35... Qf4 36. Qh3 Rg4 $6 (
36... Qf7 $142 37. Re4 Rxh5 38. Rh4 Rxh4 39. Qxh4+ Qh7 40. Qc4 b6 $19) 37. Nh2
(37. Rd1 Rhg7) 37... Qd4+ (37... Rh4 38. Qc8+ Kg7 39. Nf3 R4xh5 40. Qxb7 $44)
38. Kh1 Rh4 39. Qf5 $1 Qf4 (39... Rxh2+ 40. Kxh2 Qh4+ 41. Qh3 Qxe1 42. Qc8+ $11
) 40. Qxf4 Rxf4 41. g4 Rf2 42. e6 Rh6 43. Kg1 Rhf6 44. g5 R6f5 45. Re3 Rxc2 46.
Rg3 (46. Nf3 $142) 46... c4 47. bxc4 Ra5 $19 48. h6 Ra1+ 49. Nf1 Rxc4 (49...
Rcc1 50. Rf3 a5 51. Rf8+ Kh7 52. Rf7+ Kg8 53. Rg7+ Kh8 $19) 50. g6 Rh4 51. g7+
(51. h7 Kg7 52. Kg2 Ra6 53. Ne3 Rh5 $19) 51... Kg8 52. Rg6 Ra3 53. Nh2 Rah3 54.
Ng4 Rxg4+ (54... Rg3+ 55. Kf2 Rgxg4 56. h7+ Rxh7 57. Rxg4) 55. Rxg4 Rxh6 56.
Rc4 Rxe6 57. Rc7 Rb6 58. Rxe7 Rg6+ (58... a5 {Rogozenko}) 59. Kf2 Rxg7 60. Re8+
Kf7 61. Ra8 a6 62. Ke3 Rg8 (62... Rg8 63. Ra7 Rb8 64. Kd4 Ke7 65. Kc5 Kd7 66.
Kb6 Kc8 $19) 0-1

[Event "Ciocaltea Memorial"]
[Site "Bucharest"]
[Date "1997.??.??"]
[Round "12"]
[White "Moldovan, Daniel"]
[Black "Marin, Mihail"]
[Result "1/2-1/2"]
[WhiteElo "2435"]
[BlackElo "2545"]
[Annotator "Marin,M"]
[PlyCount "51"]
[EventDate "1997.03.??"]
[EventType "tourn"]
[EventRounds "13"]
[EventCountry "ROU"]
[EventCategory "10"]
[SourceTitle "CBM 060"]
[Source "ChessBase"]
[SourceDate "1997.09.29"]
[SourceVersion "1"]
[SourceVersionDate "1997.09.29"]
[SourceQuality "1"]

1. e4 {HarZvi,R} d6 2. d4 Nf6 3. Nc3 g6 4. Nf3 Bg7 5. Be2 Bg4 6. O-O Nc6 7. Be3
O-O 8. d5 Nb8 9. Nd2 $146 (9. Qd2 {HarZvi,R} c6 10. Rad1 Qa5 11. a3 Rc8 (11...
Nfd7) 12. b4 Qc7 (12... Qxa3 13. Ra1 Qxb4 14. Rfb1 Nxe4 15. Rxb4 Nxd2 16. Bxd2
Bxf3 17. Bxf3 cxd5 18. Nxd5 $1 Nc6 (18... Rxc2 19. Rd1) 19. Re1 e6 20. Rxb7
exd5 21. Bxd5 $36 {Blatny,P}) 13. Bd4 Nbd7 14. Rfe1 a5 $132 {Blatny,P-Chernin,
A/Pardubice 1993 58/151 [Chernin,A]} (14... Bxf3 15. Bxf3 Ne8)) (9. a4 {
HarZvi,R} a5 (9... c6 $6 10. a5 a6 11. Nd2 Bxe2 12. Qxe2 Nbd7 13. Nc4 $2 (13.
dxc6 bxc6 14. Nc4) 13... Nxe4 $1 14. Nxe4 cxd5 15. Nb6 dxe4 16. Nxa8 Qxa8 17.
Bg5 Bxb2 18. Rab1 Bf6 $17 {Brgga,C-Martin del Ocanpo,R/Manila olm 1992}) 10.
Nd2 Bxe2 11. Qxe2 c6 12. Nc4 Nfd7 13. Rad1 Ne5 14. Nxe5 Bxe5 15. Bd4 Bxd4 16.
Rxd4 Nd7 17. Rd3 Qb6 $15 {Sutovskij,E-Chernin,A/Rishon le Zion 1994}) (9. h3 {
HarZvi,R} Bxf3 10. Bxf3 c6 11. a4 a5 12. Nb1 Nbd7 13. g3 Nb6 14. Bg2 Qc7 15.
Ra2 Rfe8 16. b3 Nfd7 17. c4 Nb8 18. Qd2 $14 {Arbakov,V-Chernin,A/Bern 1995})
9... Bxe2 10. Nxe2 (10. Qxe2 {HarZvi,R} c6 11. Nc4 $2 Nxe4 12. Nxe4 cxd5 $17)
10... c6 11. c4 Ng4 (11... Re8 {/\e6}) (11... Nbd7 {HarZvi,R HarZvi: is also a
possible move}) 12. Bd4 Nd7 13. Bxg7 Kxg7 {HarZvi: after the bishop's exchange
in some positions black's king may be weak without a bishop around him.} 14.
Nf3 $14 (14. Nd4 {[%csl Rc6,Rg4] HarZvi,R} Nge5 15. Qb3 Qb6 $13) 14... Qb6 15.
Qd2 Nge5 (15... cxd5 $6 {HarZvi,R} 16. exd5 $1 {[%csl Re7][%cal Gf1e1,Ge1e7]})
16. Nxe5 Nxe5 17. Rac1 (17. b3 {HarZvi,R}) 17... Rac8 18. b3 Rfe8 19. Rc3 (19.
Kh1 $5 $16) 19... Qa5 {HarZvi: black is threatening to take on d5 and after e4
paen take on d5 play b5.} 20. Nd4 {(/\Nf5)} (20. f4 $5 {HarZvi,R} Qc5+ 21. Kh1
(21. Qd4 Qxd4+ 22. Nxd4 Nd7 $13) 21... Ng4 22. Nd4 $36 Nf6 23. Re3) 20... e6
21. dxe6 (21. f4 {HarZvi,R} Ng4 $13) 21... fxe6 22. Qb2 Kg8 23. Rg3 Rc7 24. f4
Qb6 25. Kh1 (25. Rf2 Nf7 26. f5 exf5 27. Nxf5 (27. exf5 Re1+) 27... Ne5 (27...
Re5 28. Nxd6 Rd7 29. Rd3 $1 Re6 30. Nf5 $1 $18) 28. Nxd6 Rd7 29. Qa3 $14 (29.
Nxe8 $4 Rd1#)) 25... Rf7 (25... Nxc4 26. Qf2 $1 (26. Qc3 Na3 27. f5 (27. Nf3 {
HarZvi,R} Nb5 28. Qa1 $44 {HarZvi: with some compensation for white who is
going to play f5 on the next move [ and of course there is the a4 threat right
now ],but anyway this is just one variation,white has to prove clear
compensation for the pawn}) 27... Nb5 28. Nxb5 Qxb5 $15) (26. Qa1 Nd2 27. Re1
c5 $1 (27... d5 28. exd5 cxd5 29. Nf5 $1 e5 30. Nh6+ Kf8 (30... Kg7 31. Rxe5
$18) 31. fxe5 $14)) 26... Na3 27. f5 $40 exf5 (27... e5 28. fxg6 $18) 28. exf5
Rf7 29. Rf3 $16) 26. Qd2 $14 1/2-1/2

[Event "Match/Team URS-World 20,5-19,5"]
[Site "Belgrade"]
[Date "1970.04.02"]
[Round "3.8"]
[White "Matulovic, Milan"]
[Black "Botvinnik, Mikhail"]
[Result "1/2-1/2"]
[WhiteElo "2560"]
[BlackElo "2640"]
[Annotator "Matulovic/Botvinnik"]
[PlyCount "185"]
[EventDate "1970.03.29"]
[EventType "team"]
[EventRounds "4"]
[EventCountry "YUG"]
[SourceTitle "MCL"]
[Source "ChessBase"]
[SourceDate "1999.07.01"]
[SourceVersion "1"]
[SourceVersionDate "1999.07.01"]
[SourceQuality "1"]
[WhiteTeam "World"]
[BlackTeam "Soviet Union"]
[BlackTeamCountry "URS"]
[TimeControl "40/9000:16/5400:0"]

1. e4 g6 2. d4 Bg7 3. Nf3 d6 4. Nc3 Nf6 5. Be2 O-O 6. O-O Bg4 (6... Nc6 $143 {
Matulovic=:M/Botvinnik=:B}) (6... c6 {B}) 7. Bg5 Nc6 8. h3 (8. Re1 $143 {M}) (
8. Qd2 {B}) 8... Bxf3 9. Bxf3 Nd7 10. Ne2 h6 11. Be3 (11. Bh4 g5 $1 12. Bg3 e6
{/\ f5 -/+ M}) 11... e5 12. c3 Nb6 13. b3 $2 {B} (13. Qc1 Kh7 14. d5 Ne7 15. c4
{B}) 13... d5 14. exd5 Nxd5 15. Bxd5 Qxd5 16. dxe5 (16. c4 Qa5 17. d5 Ne7 18.
Qd2 $10 {M}) 16... Qxe5 17. Nd4 (17. Qc2 $142 Rad8 18. Rad1 $10 {M}) 17... Qd5
18. Qc1 Kh7 19. Rd1 Rad8 20. Qc2 Rfe8 21. Rd2 (21. Nxc6 $142 Qxc6 22. Rxd8 Rxd8
23. Rc1 {B}) 21... Nxd4 22. Bxd4 Bxd4 23. Rxd4 Qe5 24. Rad1 (24. Rd2 $10 {
/\ Rad1 M}) 24... Rxd4 25. cxd4 (25. Rxd4 $2 Qe1+ 26. Kh2 Re2 $19 {M/B}) 25...
Qe2 26. Rd2 (26. Qxe2 Rxe2 27. Rc1 c6 28. d5 cxd5 29. Rc7 $10 {M}) 26... Qe1+
27. Kh2 c6 28. Qc4 Re7 29. Rd3 Kg7 (29... Qxf2 30. Rf3 $16 {M/B}) 30. Rf3 Rd7
31. Qc5 a6 32. Rf4 Rd5 33. Qc2 $2 Qe6 (33... Rxd4 $1 34. Rxd4 Qe5+ $18 {M}) 34.
g3 g5 35. Re4 Qf6 36. h4 $2 (36. Qb2 c5 37. Re5 $1 {B} Rxd4 38. Rxc5 $10 {M})
36... Rxd4 37. hxg5 hxg5 38. Rxd4 Qxd4 39. Qf5 Qd5 40. Qc8 c5 41. a4 Kf6 (41...
b6 $142 {M}) 42. a5 Qf5 (42... Ke5 43. Qe8+ Kf6 {M} (43... Kd4 44. Qe3#) (43...
Qe6 44. Qb8+) (43... Kd6 44. Qd8+ Kc6 45. Qe8+ Qd7 46. Qe4+ $10 {B})) 43. Qxb7
Qxf2+ 44. Kh3 Qf1+ 45. Kh2 Qe2+ (45... g4 46. Qc6+ Kg7 47. Qd6 $10 {B}) 46. Kh3
Qe6+ 47. Kh2 Qe2+ 48. Kh3 Kg6 49. Qb6+ Kh5 50. Qxc5 Qe6+ (50... Qf1+ 51. Kh2 f5
{B}) 51. Kg2 Qxb3 52. Qf5 $1 {B, = M} Qa2+ 53. Kf3 Qa3+ 54. Kg2 Qa2+ 55. Kf3
Qb3+ 56. Kg2 Qb7+ 57. Kh2 Qb2+ 58. Kh3 Qg7 59. Qc5 Qf6 60. g4+ Kh6 61. Qb6 Kg7
62. Kg2 Qe6 63. Qd4+ f6 64. Qb4 Qd5+ 65. Kf2 Kf7 66. Qb6 Qc4 67. Kg3 Ke7 68.
Kh3 Qf1+ 69. Kg3 Qd3+ (69... Kd7 {B}) 70. Kg2 Qe4+ (70... Qd6 71. Qb7+ Ke6 72.
Qe4+ {B}) 71. Kg3 Qf4+ 72. Kh3 Qf1+ (72... Qf3+ 73. Kh2 Qxg4 74. Qxa6 $14 {M})
73. Kg3 Qe1+ 74. Kg2 Qd2+ 75. Kh3 Qd3+ 76. Kg2 Qd5+ 77. Kh3 (77. Kf1 {B}) 77...
Qh1+ 78. Kg3 Qh4+ 79. Kf3 Qh3+ 80. Kf2 Qh2+ 81. Kf1 Qf4+ 82. Ke1 Qg3+ 83. Kf1
Qf4+ 84. Ke1 Qd6 85. Qb7+ Ke6 86. Qb3+ Ke5 87. Qe3+ Kd5 88. Qd3+ Kc5 89. Qa3+
Kc6 90. Qa4+ Kd5 91. Qb3+ (91. Qa2+ $2 {M} Kc5 (91... Kd4 92. Qb2+ (92. Qd2+
Kc5) 92... Kc4 93. Qb6 {B}) 92. Qa3+ Kc6 $19 {M}) 91... Ke4 92. Qc4+ Kf3 (92...
Ke3 93. Qe2+ (93. Qc3+ Qd3 (93... Kf4 94. Qc4+ Kg3 95. Qd3+ $1) 94. Qe5+ Kf3
95. Qxf6+ Kxg4 96. Qe6+ $10) 93... Kd4 94. Qb2+ Kc4 95. Qb6 {M}) 93. Qd3+
1/2-1/2

[Event "EU-ch 6th"]
[Site "Warsaw"]
[Date "2005.06.20"]
[Round "3"]
[White "Azarov, Sergei Nikolaevich"]
[Black "Milov, Vadim"]
[Result "0-1"]
[WhiteElo "2572"]
[BlackElo "2653"]
[Annotator "Milov,V"]
[PlyCount "74"]
[EventDate "2005.06.18"]
[EventType "swiss"]
[EventRounds "13"]
[EventCountry "POL"]
[SourceTitle "CBM 108"]
[Source "ChessBase"]
[SourceDate "2005.09.26"]
[SourceVersion "1"]
[SourceVersionDate "2005.09.26"]
[SourceQuality "1"]

1. e4 d6 2. d4 g6 3. Nf3 Bg7 4. Nc3 Nf6 5. Bg5 h6 6. Bh4 (6. Bf4 Nbd7 7. Qd2 g5
8. Bg3 Nh5 $13) (6. Be3 Ng4 7. Bf4 Nc6 8. h3 (8. d5 e5 9. dxe6 Bxe6 10. Be2
Nge5) 8... e5 9. dxe5 Ngxe5 10. Nxe5 dxe5 11. Qxd8+ Nxd8 12. Be3 Ne6 $11) 6...
g5 7. Bg3 Nh5 8. Be2 Nd7 $146 (8... Nxg3 9. hxg3 Nd7 10. Qd2 c5 11. O-O-O $36)
9. O-O (9. Qd2 c5 $132 10. dxc5 $140 Nxc5 11. e5 g4) 9... e6 (9... c5 $5) 10.
d5 Nxg3 11. fxg3 $1 (11. hxg3 g4 12. Nh4 (12. Nd4 Ne5 13. Bb5+ Kf8 {/\14...h5|^
}) 12... h5 $15 {/\13...Ne5}) 11... O-O 12. Kh1 Qe7 13. Qd2 g4 $1 14. Nh4 (14.
Nd4 $142 Ne5 15. Qf4 h5 $13) 14... Ne5 $15 (14... Qg5 $5 15. Qd1 (15. Qxg5 hxg5
16. dxe6 fxe6 17. Ng6 Rxf1+ 18. Rxf1 Bxc3 19. bxc3 Kg7 20. Ne7 Ne5 $17) 15...
Nf6 (15... Bxc3 16. bxc3 Ne5) (15... h5 16. Nb5) 16. Nb5 Nxe4 17. Nxc7 Rb8 $15)
15. Nb5 $6 (15. Bd3 $142 {/\Nc3-e2-f4}) 15... a6 16. Na3 Qg5 17. Qa5 (17. Rf4
Nf3 $1 18. Qc1 (18. Qd1 Nxh4 19. Rxg4 Qf6 $19) (18. Bxf3 e5 $19) (18. Nxf3 gxf3
$19) 18... Nxh4 19. gxh4 Qe7 $15 20. Rxg4 $140 (20. Bxg4 e5) 20... exd5) 17...
Qe3 18. Rae1 Qxe4 $17 19. dxe6 Bxe6 20. Qd2 (20. Qxc7 Qb4 $17) 20... Qd5 21.
Qc1 Qxa2 22. b3 b5 23. Nf5 Bxf5 24. Rxf5 Rae8 25. Ref1 Re6 26. Nb1 {/\Nb1-c3-d5
} c6 27. Qd1 Rg6 28. Nc3 Qb2 29. Ne4 a5 $19 30. Nf2 (30. Nxd6 Rd8) 30... a4 31.
bxa4 bxa4 32. Nd3 (32. Nxg4 a3 33. Nxe5 Bxe5 34. Bh5 Rg7 $19) 32... Qc3 33.
Nxe5 Bxe5 34. Bd3 (34. Bxg4 a3 (34... Qd4) 35. Bh5 Rf6 (35... Rg7) 36. Qg4+ Kh8
$19) 34... a3 35. R5f2 Rg7 36. Qb1 Qb2 37. Bc4 d5 0-1

[Event "RUS-ch"]
[Site "Elista"]
[Date "1994.??.??"]
[Round "11"]
[White "Dvoirys, Semen I"]
[Black "Zakharevich, Igor"]
[Result "0-1"]
[WhiteElo "2535"]
[BlackElo "2415"]
[Annotator "Moiseev,V"]
[PlyCount "86"]
[EventDate "1994.09.??"]
[EventType "swiss"]
[EventRounds "11"]
[EventCountry "RUS"]
[SourceTitle "CBM 044"]
[Source "ChessBase"]
[SourceDate "1995.02.01"]
[SourceVersion "1"]
[SourceVersionDate "1995.02.01"]
[SourceQuality "1"]

1. e4 d6 2. d4 Nf6 3. Nc3 g6 4. Nf3 Bg7 5. h3 O-O 6. Be3 c6 7. Qd2 (7. a4) 7...
b5 8. Bd3 Re8 $146 (8... Nbd7 9. e5 b4 $1 10. exf6 bxc3 11. Qxc3 Nxf6 12. Qxc6
Rb8 $44 {Arnason,J-Fries Nielsen,J/Vejle/1984/0,5/31/ Inf 39/170/}) 9. O-O (9.
e5 b4 10. exf6 bxc3 11. Qxc3 Bxf6 $10) 9... Bb7 10. a4 b4 11. Ne2 a5 12. Ng3
Nbd7 13. Bh6 (13. c3 $5 c5 $13) 13... Bh8 14. e5 (14. Rfe1 $5) 14... dxe5 15.
dxe5 Nd5 16. e6 $6 (16. Rfe1 Nc5 $10 (16... Qc7 $5)) 16... Nc5 $1 (16... fxe6
17. Qg5 $44) 17. exf7+ Kxf7 18. Ng5+ (18. Rae1 $142 Bxb2 19. Ne5+) 18... Kg8
19. Bc4 Bxb2 $17 20. Qf4 Bf6 21. Nh5 $6 (21. Rae1 e5 (21... Qd6 $5) 22. Qd2 $17
) 21... Bc8 $1 (21... gxh5 $2 22. Qf5 Bxg5 23. Qxg5+ Kf7 24. Qf5+ $10 (24.
Qxh5+ $40) (24. Rae1 $40)) 22. Rae1 (22. Nxf6+ exf6 23. Nf3 Re4 24. Bxd5+ cxd5
$19) 22... gxh5 $19 23. Re3 e5 24. Qf3 Ra7 (24... Bxg5 $1 25. Bxg5 (25. Bxd5+
Qxd5 26. Qg3 Ne4 27. Rxe4 Qxe4 28. Qxg5+ Qg6 $19) 25... Qxg5 26. Bxd5+ cxd5 27.
Qxd5+ Be6 $19) 25. Qxh5 Bf5 26. Rg3 Bg7 (26... Bg6 $5 27. Nxh7 (27. Nf3 Bg7 $19
) 27... Rxh7 28. Qxg6+ Kh8 $19) 27. Bxg7 Rxg7 28. Nf7 Bg6 $8 (28... Qd7 29.
Nh6+) 29. Rxg6 hxg6 30. Nxd8 gxh5 31. Nxc6 Rd7 32. Rd1 Kg7 33. Rxd5 (33. Bxd5
Re6 34. Nxa5 Red6 $19) 33... Rxd5 34. Bxd5 Nxa4 35. Nxa5 Rc8 36. Bb3 (36. Nc6
Nc3 37. Nxb4 Rb8 $19) (36. Bc6 Nc5 37. Kf1) 36... Nc5 37. Bd5 Rd8 38. Bf3 e4
39. Bxh5 Rd2 40. Nc6 Na6 41. Kf1 Rxc2 42. Nd4 Rd2 43. Nb3 Rd3 (43... Rd3 44.
Nc1 b3 (44... Ra3 $19) 45. Nxd3 exd3 $19) 0-1

[Event "Linares Anibal op 04th"]
[Site "Linares"]
[Date "1997.??.??"]
[Round "4"]
[White "Perdomo, Carlos Andres"]
[Black "Fridman, Daniel"]
[Result "1-0"]
[WhiteElo "2330"]
[BlackElo "2490"]
[Annotator "Mowsziszian,K"]
[PlyCount "70"]
[EventDate "1997.02.??"]
[EventType "swiss"]
[EventRounds "10"]
[EventCountry "ESP"]
[SourceTitle "CBM 058"]
[Source "ChessBase"]
[SourceDate "1997.06.01"]
[SourceVersion "1"]
[SourceVersionDate "1997.06.01"]
[SourceQuality "1"]

1. e4 d6 2. d4 Nf6 3. Nc3 g6 4. Be3 c6 5. Qd2 Nbd7 6. Nf3 Qa5 7. Bd3 Bg7 8. Bh6
(8. O-O O-O 9. Bh6 e5 10. Rfe1 Qd8 11. a4 Re8 12. Bxg7 Kxg7 13. a5 Nf8 14. h3
Nh5 15. Bc4 {1/2-1/2 Davies,N-Kanstler,B/Rishon le Zion (05) ;CBM 45 1994})
8... O-O 9. O-O-O b5 10. Kb1 b4 11. Ne2 Ba6 $6 {Schwarz verliert Tempen} (11...
Rb8 $142) 12. Bxg7 Kxg7 13. e5 Nd5 (13... dxe5 $5 {Wonach Schwarz das Feld c5
für einen Springer bekommt und die d-Linie für die Türme.} 14. dxe5 Nd5 15. e6
$6 (15. Bxa6 Qxa6 16. h4 (16. Nf4 N7b6 17. Nxd5 Nxd5 18. Qd4 Rfd8 19. e6+ f6)
16... Nc5 17. h5 Ne4 $1 18. Qe1 Qxe2 $1 19. Qxe2 Ndc3+ $15) 15... Bxd3 $1 16.
Qxd3 Nc5 17. Qd4+ f6 $36) 14. Bxa6 Qxa6 15. h4 h5 16. Nf4 Nxf4 (16... N7b6 17.
Nxh5+ $1 gxh5 (17... Kh7 18. Ng3 Nc4 19. Qc1 Nc3+ 20. bxc3 bxc3 21. h5 Rfb8+
22. Ka1 Rb2 23. hxg6+ Kg8 24. Rh8+ Kxh8 25. Qh6+ Kg8 26. Qh7+ Kf8 27. Qxf7#)
18. Qg5+ Kh7 19. Qxh5+ Kg7 20. Rh3 Nf4 21. Rg3+ Ng6 22. Ng5 Rh8 23. Ne6+ fxe6
24. Qxg6+ Kf8 25. Rf3#) 17. Qxf4 Nb6 18. exd6 Nd5 19. Qe5+ f6 20. Qe6 exd6 21.
Qd7+ Rf7 22. Qxd6 Re8 23. g4 $5 (23. Rhe1 Rfe7 24. Rxe7+ Rxe7 25. Re1 Rxe1+ 26.
Nxe1 Qe2 $36) 23... Qe2 $1 (23... hxg4 $2 24. h5 gxf3 25. hxg6 Rfe7 26. Rh7+
Kxg6 (26... Kg8 27. Qh2 $1 $18) 27. Rg1+ Kf5 28. Rh5+ Ke4 29. Rg4+ Nf4 30.
Rxf4#) 24. Qxc6 $2 (24. Qg3 $1 Nc3+ 25. bxc3 bxc3 26. Nd2 $1 cxd2 27. gxh5 Rb7+
28. Ka1 Qxh5 29. Rxd2 $14) 24... Qe4 $3 {/\Sc3+} 25. Qa4 Rfe7 $1 26. Ne5 (26.
Rd3 Qxf3 27. Rxf3 Re1+ 28. Rxe1 Rxe1#) (26. Nd2 Qxh1 27. Rxh1 Re1+ 28. Rxe1
Rxe1#) 26... fxe5 27. gxh5 exd4 28. Rhg1 Qf3 29. Rxg6+ Kh7 30. Rdg1 Qxf2 $4 {
Wahrscheinlich Zeitnot} (30... Re1+ 31. Rxe1 Rxe1#) 31. a3 d3 32. cxd3 Nc3+ 33.
bxc3 bxc3 34. Qc2 Rb8+ 35. Kc1 Qe3+ (35... Qe3+ 36. Kd1 Rb1+ 37. Qxb1 Qd2#) 1-0

[Event "Rubinstein Memorial 33rd"]
[Site "Polanica Zdroj"]
[Date "1996.??.??"]
[Round "7"]
[White "Rublevsky, Sergei"]
[Black "Markowski, Tomasz"]
[Result "1-0"]
[WhiteElo "2645"]
[BlackElo "2540"]
[Annotator "Mowsziszian,K"]
[PlyCount "63"]
[EventDate "1996.08.15"]
[EventType "tourn"]
[EventRounds "11"]
[EventCountry "POL"]
[EventCategory "15"]
[SourceTitle "CBM 055"]
[Source "ChessBase"]
[SourceDate "1996.12.01"]
[SourceVersion "1"]
[SourceVersionDate "1996.12.01"]
[SourceQuality "1"]

1. e4 g6 2. d4 Bg7 3. Nf3 d6 4. Nc3 Nf6 5. Bc4 O-O (5... c6 $142 6. Qe2 (6. e5
Nd5 $1 7. Bxd5 (7. Nxd5 cxd5 8. Bxd5 $2 Qa5+ $19) 7... cxd5 8. Nxd5 dxe5 $17)
6... d5 7. exd5 cxd5 8. Bb5+ Bd7 $10) 6. Qe2 c6 7. e5 Nd5 8. Bd2 $14 dxe5 9.
dxe5 Nxc3 10. Bxc3 b5 11. Bb3 (11. Bd3 $5) 11... Na6 12. e6 (12. h4 Bg4 13. h5
Bxh5 14. Rxh5 gxh5 15. Ng5 h6 $17 16. Nxf7 Rxf7 17. Qxh5 Qf8 $19) (12. h3 $5 {
/\0-0}) 12... Bxc3+ 13. bxc3 f6 14. h4 Nc5 15. h5 g5 16. O-O Qb6 17. Nd4 a5 18.
Nf5 Re8 (18... a4 $5 19. Nxe7+ Kh8 20. Ng6+ hxg6 21. hxg6 g4 $8 (21... Kg7 22.
e7 Re8 23. Qh5 $18) 22. e7 (22. Qxg4 Kg7 $17) 22... Re8 23. Bf7 $13) 19. a3
Nxb3 20. cxb3 c5 (20... Qc5 $142 $132) 21. Rfe1 Ra6 22. h6 Qxe6 (22... Bxe6 23.
Ng7 $18) 23. Qxb5 Qf7 24. Ng7 Rf8 25. Qxc5 $16 e5 26. b4 Bd7 27. Rad1 Rc8 28.
Qe3 Ba4 29. Rd3 Qg6 30. Qf3 e4 31. Rxe4 Bc2 32. Rc4 $1 1-0

[Event "Terrassa op"]
[Site "Terrassa"]
[Date "1996.??.??"]
[Round "6"]
[White "Rodriguez Cespedes, Amador"]
[Black "Movsziszian, Karen"]
[Result "1/2-1/2"]
[WhiteElo "2510"]
[BlackElo "2470"]
[Annotator "Mowsziszian,K"]
[PlyCount "27"]
[EventDate "1996.07.??"]
[EventType "swiss"]
[EventRounds "9"]
[EventCountry "ESP"]
[SourceTitle "CBM 055"]
[Source "ChessBase"]
[SourceDate "1996.12.01"]
[SourceVersion "1"]
[SourceVersionDate "1996.12.01"]
[SourceQuality "1"]

1. e4 d6 2. d4 Nf6 3. Nc3 g6 4. Nf3 Bg7 5. Bf4 Nc6 6. d5 (6. Qd2 Bg4 7. d5 Bxf3
8. gxf3 Ne5 9. Be2 c6 10. dxc6 bxc6 11. O-O-O Qa5 12. Bh6 Bxh6 13. Qxh6 Rb8 14.
Rde1 Qb4 15. Nd1 Ned7 16. Qd2 Qxd2+ 17. Kxd2 Nh5 18. Ke3 e5 19. b3 Ke7 $17 {
0-1 Van Parreren,H-Hickl,J/San Bernardino op (02) ;TD 92\11 1992 (31)}) 6... e5
7. dxe6 (7. Bg5 Ne7 8. Bc4 h6 9. Bd2 O-O 10. O-O g5 11. g3 Bh3 12. Re1 Qc8 13.
Kh1 Ng6 14. Ng1 Bd7 15. Qe2 Nh7 16. Bd3 Ne7 17. f3 g4 18. fxg4 Bxg4 19. Qg2 Ng5
$17 {0-1 Szittar,A-Szabo,Z/HUN-chT 9091 ;TD 91\05 1991 (43)}) 7... Bxe6 8. Qd2
O-O (8... d5 9. Ng5 O-O 10. Bb5 Qe7 11. O-O Nxe4 12. Ngxe4 dxe4 13. Bxc6 bxc6
14. Nxe4 Bd5 15. Nc3 {1/2-1/2 Supancic,D-Praznik,A/SLO-chT ;TD 93\08 1993}) 9.
O-O-O Bxa2 $5 {Eine interessante Neuerung.} (9... Re8 10. Ng5 a6 11. Nxe6 fxe6
12. f3 b5 13. Bh6 Bh8 14. Bg5 Ne5 15. h4 Qb8 16. Re1 c5 17. f4 Ned7 18. g4 c4
19. Nd1 Nc5 20. Bg2 Ra7 21. h5 b4 22. hxg6 c3 23. Qf2 cxb2+ 24. Kb1 h6 25. Qh4
Nxg4 26. Bf3 Bg7 27. Bxg4 {1-0 Gorelov,S-Kuzmin,A/Moscow-ch plof ;TD 88\01 1988
}) 10. Bg5 (10. Nxa2 Nxe4 11. Qe3 Qf6 12. c3 Nxf2 (12... Rfe8 $5) 13. Qxf2
Qxf4+ $44) 10... Be6 11. Qf4 Qe7 12. Qh4 {/\e4-e5,Se4} Ne5 13. Nxe5 dxe5 14.
Rd3 (14. Rd3 Rfd8 (14... h6 $5 15. Bxh6 Bxh6+ 16. Qxh6 c6 {/\b7-b5} (16... Ng4
17. Qd2 Qc5 18. Nd1 $1)) 15. Rf3 Qd6 16. Bd3 (16. Bxf6 $4 Qd2+ 17. Kb1 Qe1+ 18.
Nd1 Qxd1#) 16... Nh5 17. Bxd8 Rxd8 $44) 1/2-1/2